000 004460000a22001810004500
003 MACL
005 20151004145932.0
008 151004b xxu||||| |||| 00| 0 eng d
040 _aMACL
_cMACL
041 _aEnglish
082 _a910
100 _aMisra, Dr. V C
_913691
245 _aGeography of Rajasthan
260 _bNational Book Trust
_c1967
_aNew Delhi
350 _a8.25
650 _aGeography & Travels
_913692
942 _cBK
_k910
_2ddc
999 _c7315
_d7315